000 00364nam a2200145Ia 4500
005 20250509022815.0
008 240331s9999 xx 000 0 und d
082 _a100
_bSAM
100 _aSamarathunga, N
245 0 _aShesta pudgalayange chintana
260 _aColombo
_bDayawansa & Brothers
_c1994
300 _a69 p .,
500 _aSayings of Leaders
942 _cL
999 _c696
_d696